01681nam a2200325 a 4500001001200000003000800012006001900020007001500039008004100054010001700095020002500112020002700137040002100164035002100185050002500206082001800231100002200249245011600271250001200387260002900399300002300428504005100451505048800502533015200990650002401142655002901166710001701195856012601212999001701338ebr10671587CaPaEBRm u cr cn|||||||||130111s2013 njua sb 001 0 eng d z 2012048294 z9781118519257 (pbk.) z9781118519264 (e-book) aCaPaEBRcCaPaEBR a(OCoLC)84762748814aHD30.28b.T68 2013eb04a658.4/0122231 aTovstiga, George.10aStrategy in practiceh[electronic resource] :ba practitioner's guide to strategic thinking /cGeorge Tovstiga. a2nd ed. aHoboken :bWiley,c2013. axv, 270 p. :bill. aIncludes bibliographical references and index.0 aPreface to the first edition -- Preface to the second edition -- Introduction to strategy in practice and strategic thinking -- Articulating the strategic question -- Sense making and strategic insight -- Insight-driven strategic analysis -- Appendices putting strategy to practice -- Appendix A: probing the strategic boundaries of the firm?s unique competing space -- Appendix B: strategy mapping and narrative (based on analysis of the relevant strategy building blocks) -- Index. aElectronic reproduction.bPalo Alto, Calif. :cebrary,d2013.nAvailable via World Wide Web.nAccess may be limited to ebrary affiliated libraries. 0aStrategic planning. 7aElectronic books.2local2 aebrary, Inc.40uhttp://site.ebrary.com/lib/rucke/Doc?id=10671587zAn electronic book accessible through the World Wide Web; click to view c62916d62916